| 000 | 01140cad a22001935a 4500 | ||
|---|---|---|---|
| 001 | L157029 | ||
| 008 | 120814s2012 xxk 000 0 eng d | ||
| 035 | _a(Sirsi) u157029 | ||
| 041 | 0 | _aeng | |
| 110 | 2 |
_aEC Harris _94930 |
|
| 245 | 0 | 0 |
_aInternational construction costs report _bsummary _h[electronic resource] |
| 260 |
_a[S.l.] _bECHarris _c2012 |
||
| 520 | _aThe full report is an annual study which benchmarks building costs in 53 countries. Highlights from the report include economic turbulence within the Eurozone resulting in lower construction costs across region, markets focusing on infrastructure-based development seeing higher construction costs, countries recovering from natural disasters all seeing building become more expensive, and commodity prices return to previous price levels set to increase viability of some major projects. | ||
| 590 | _aKA NTK | ||
| 651 | 4 | _aInternational | |
| 690 |
_aConstruction management _96230 |
||
| 856 | 4 | 0 |
_uhttps://www.echarris.com/reference/news/construction%20costs%20and%20global.aspx _zView the summary and see how to purchase the full report here www.echarris.com |
| 942 | _n0 | ||
| 999 |
_c114551 _d114551 |
||